| 000 | 00624nam a22002177a 4500 | ||
|---|---|---|---|
| 999 |
_c20875 _d20875 |
||
| 003 | AR-CdUCM | ||
| 008 | 190607b ||||| |||| 00| 0 spa d | ||
| 040 |
_aMUNICIPALIDAD PROVINCIAL DEL CUSCO _cBIBLIOTECA MUNICIPAL DEL CUSCO |
||
| 041 | _heng | ||
| 082 |
_a801.953 / _bM84 |
||
| 100 |
_aMontgomery, Ruth _943577 |
||
| 245 | _aMRS. L. B. J. / | ||
| 260 |
_aArgentina : _bPlaza y Janes, _c1965. |
||
| 300 |
_a246 páginas ; _c18 cm. |
||
| 505 | _aContenido: Novela. | ||
| 650 |
_aArgentina _9511 |
||
| 650 |
_aNovelas _9218 |
||
| 700 |
_aBo, Adriana (traduccion) _940571 |
||
| 942 |
_2ddc _cLIBROS |
||
| 945 | _aJavier | ||